[Event "It (open)"]
[Site "masterchessopen.com - Skopje (Macedonia)"]
[Date "2011.10.28"]
[Round "5"]
[White "Dancevski Orce (MKD)"]
[Black "Konstantinov Aleksandar (BUL)"]
[Result "1-0"]
[WhiteElo "2398"]
[BlackElo "1855"]

1.c4 Nf6 2.Nc3 e5 3.Nf3 d6 4.d4 Nbd7 5.e4 g6 6.Bg5 Bg7 7.Be2 O-O 8.Qd2 Re8
9.O-O-O c6 10.d5 c5 11.h4 Nf8 12.h5 a6 13.Ne1 Qa5 14.f3 Bd7 15.g4 b5 16.b3
Qa3+ 17.Kb1 b4 18.Na4 Bxa4 19.Nc2 Bxb3 20.Nxa3 Bxd1 21.Bxd1 bxa3 22.Qa5 Reb8+
23.Bb3 N8d7 24.hxg6 hxg6 25.Kc2 {#r} 1-0

[Event "Ch World (juniors) (under 12)"]
[Site "masterchessopen.com - Caldas Novas (Brazil)"]
[Date "2011.11.24"]
[Round "7"]
[White "Schroeder Kevin"]
[Black "Goncalves Leonardo Yamamoto P"]
[Result "1-0"]
[WhiteElo "2030"]
[BlackElo "1834"]

1.d4 d6 2.Nf3 Nf6 3.c4 Nbd7 4.Nc3 e5 5.e4 c6 6.h3 Be7 7.g4 h6 8.Be3 a6 9.Qc2
b5 10.O-O-O Qc7 11.Ne2 bxc4 12.Ng3 d5 13.dxe5 Nxe5 14.Nxe5 Qxe5 15.f4 Qc7
16.e5 Nxg4 17.hxg4 Bxg4 18.Be2 Bxe2 19.Qxe2 Qa5 20.Bd4 Qxa2 21.e6 f6 22.Nf5 c5
23.Qh5+ Kd8 24.Nxe7 cxd4 25.Qxd5+ Ke8 26.Qd7+ Kf8 27.Ng6+ Kg8 28.Qf7+ Kh7
29.Rxh6+ {#r} 1-0

[Event "Tournament"]
[Site "masterchessopen.com - Muerzhofen (Austria)"]
[Date "2012.01.06"]
[Round "4"]
[White "Dietmayer-Kraeutler Marco (AUT)"]
[Black "Kroeppel Hans"]
[Result "1-0"]
[WhiteElo "2212"]
[BlackElo "1923"]

1.d4 Nf6 2.c4 d6 3.Nf3 Nbd7 4.Nc3 e5 5.e4 Be7 6.Be2 O-O 7.O-O c6 8.b3 Ne8
9.Bb2 g6 10.Qd2 f5 11.Rad1 Bf6 12.Ba3 Rf7 13.c5 fxe4 14.Nxe4 d5 15.Nxf6+ Qxf6
16.dxe5 Nxe5 17.Bb2 Nxf3+ 18.Bxf3 Qh4 19.Qc3 Ng7 20.Rxd5 Be6 21.Rd6 Bg4 22.Rd4
h5 23.h3 Rxf3 24.Rd8+ {#r} 1-0

[Event "Ch Kazakhstan (1/2 final)"]
[Site "masterchessopen.com - Pavlodar (Kazakhstan)"]
[Date "2012.02.28"]
[Round "8"]
[White "Karibaev Bulat (KAZ)"]
[Black "Karayev Assylkhan (KAZ)"]
[Result "0-1"]
[WhiteElo "2075"]
[BlackElo "2262"]

1.Nf3 d6 2.d4 Nf6 3.c4 Nbd7 4.Nc3 e5 5.e4 Be7 6.Be2 O-O 7.O-O c6 8.h3 a6 9.a4
a5 10.Be3 Re8 11.Qd2 Bf8 12.Qc2 exd4 13.Bxd4 Qc7 14.Rac1 g6 15.Rfe1 Nh5 16.Be3
Nc5 17.Nd4 Nf6 18.Bf3 Bg7 19.Rcd1 Ra6 20.Bf4 Nfd7 21.Be2 Ne5 22.Nf3 Rb6
23.Nxe5 dxe5 24.Be3 Qe7 25.Nd5 cxd5 26.cxd5 Bf8 27.Rc1 {#R} 0-1

[Event "It (open) (b)"]
[Site "masterchessopen.com - Zagreb (Croatia)"]
[Date "2012.03.10"]
[Round "7"]
[White "Takac Zvonko (CRO)"]
[Black "Basaric Srdjan (CRO)"]
[Result "0-1"]
[WhiteElo "2088"]
[BlackElo "2158"]

1.d4 d6 2.Nf3 Nd7 3.c4 e5 4.Nc3 Ngf6 5.e4 exd4 6.Nxd4 g6 7.Be2 Bg7 8.O-O O-O
9.Bg5 h6 10.Be3 Nc5 11.f3 a5 12.Qd2 Kh7 13.Rad1 Re8 14.Ndb5 Bd7 15.Rfe1 b6
16.Nd5 Bxb5 17.cxb5 Nxd5 18.Qxd5 Re7 19.Rd2 Qh8 20.Bc4 Rae8 21.Bd4 f5 22.Bxg7
Qxg7 23.Rde2 fxe4 24.fxe4 Re5 25.Qc6 R5e7 26.Rf1 Qd4+ {#R} 0-1

[Event "Ch Region"]
[Site "masterchessopen.com - Zilina (Slovakia)"]
[Date "2012.05.04"]
[Round "1"]
[White "Sustek Vladimir (SVK)"]
[Black "Turiak Anton"]
[Result "0-1"]
[WhiteElo "2000"]
[BlackElo "1864"]

1.d4 Nf6 2.Nf3 d6 3.c4 Nbd7 4.Nc3 e5 5.e4 Be7 6.Be2 O-O 7.O-O c6 8.h3 Re8
9.Be3 Qc7 10.Qc2 Nf8 11.d5 c5 12.Nb5 Qd8 13.Nh2 Ng6 14.Rae1 Bd7 15.a4 a6
16.Nc3 b6 17.b3 Qc8 18.Kh1 Nf4 19.Bd1 N6h5 20.Rg1 g6 21.Bxh5 Nxh5 22.Ne2 f5
23.f4 exf4 24.Nxf4 Ng3# 0-1

[Event "Memorial Adolf Anderssen (preliminary)"]
[Site "masterchessopen.com - Wroclaw (Poland)"]
[Date "2012.06.30"]
[Round "6"]
[White "Arutinian David (GEO)"]
[Black "Szczepkowska Karina (POL)"]
[Result "1-0"]
[WhiteElo "2561"]
[BlackElo "2387"]

1.c4 d6 2.Nf3 e5 3.d4 Nd7 4.Nc3 Ngf6 5.e4 Be7 6.Be2 O-O 7.O-O c6 8.Qc2 a6
9.Rd1 Qc7 10.Rb1 b5 11.b4 Re8 12.h3 Bf8 13.Be3 Bb7 14.Rbc1 Rac8 15.Qb1 bxc4
16.Bxc4 exd4 17.Bxd4 h6 18.Qb3 Re7 19.Nh4 Ne5 20.f4 Nxc4 21.Bxf6 gxf6 22.Qxc4
d5 23.Qf1 Qb6+ 24.Kh1 dxe4 25.Nf5 Re6 26.Qe2 e3 27.Rd7 Rd8 28.Qg4+ Kh8 29.Rxf7
e2 30.Rxf8+ {#r} 1-0

[Event "It (open)"]
[Site "masterchessopen.com - Barbera del Valles (Spain)"]
[Date "2012.07.08"]
[Round "5"]
[White "Shatko Danil (ESP)"]
[Black "Anurag Mhamal (IND)"]
[Result "0-1"]
[WhiteElo "2143"]
[BlackElo "2301"]

1.d4 Nf6 2.c4 d6 3.Nc3 Nbd7 4.e4 e5 5.Nf3 exd4 6.Nxd4 g6 7.Be2 Bg7 8.O-O O-O
9.Be3 Re8 10.f3 c6 11.Qd2 d5 12.cxd5 cxd5 13.exd5 Nb6 14.Bb5 Bd7 15.Bg5 Bxb5
16.Ndxb5 a6 17.Na3 Nbxd5 18.Bxf6 Nxf6 19.Rad1 Qa5 20.Nc2 Rad8 21.Qf2 Nd5
22.Nxd5 Rxd5 23.Rxd5 Qxd5 24.b3 Qd3 25.Re1 Rc8 26.Ne3 Bd4 27.Qe2 Qc3 28.Kf1
Re8 {#R} 0-1

[Event "Memorial Gumerov (cat.7)"]
[Site "masterchessopen.com - Ufa (Russia)"]
[Date "2012.08.03"]
[Round "3"]
[White "Karpeshov Oleg (RUS)"]
[Black "Darmin Dmitry (RUS)"]
[Result "1-0"]
[WhiteElo "2367"]
[BlackElo "2376"]

1.d4 Nf6 2.c4 d6 3.Nf3 Nbd7 4.Nc3 e5 5.e4 Be7 6.Be2 O-O 7.O-O c6 8.Be3 a6 9.d5
cxd5 10.cxd5 b5 11.Nd2 Nb6 12.a4 b4 13.a5 Nbd7 14.Na4 Nc5 15.Nxc5 dxc5 16.f3
Bb7 17.Nc4 Nd7 18.Qd2 Re8 19.Bd1 Bf8 20.Ba4 Rb8 21.Rfc1 f6 22.Qf2 {#r} 1-0

[Event "Ch Europe (seniors)"]
[Site "masterchessopen.com - Kaunas (Lithuania)"]
[Date "2012.08.18"]
[Round "1"]
[White "Vaitonis Vytautas (LTU)"]
[Black "Karasev Vladimir I (RUS)"]
[Result "0-1"]
[WhiteElo "2005"]
[BlackElo "2379"]

1.d4 Nf6 2.Nf3 d6 3.c4 Nbd7 4.Nc3 e5 5.e4 c6 6.Be2 exd4 7.Nxd4 Nc5 8.Bf3 a5
9.O-O Be7 10.Re1 O-O 11.b3 Re8 12.Bf4 Bf8 13.h3 Nfd7 14.Bg3 Ne5 15.Be2 Qf6
16.Qd2 g6 17.Rad1 Bg7 18.Bf4 Ned3 19.Bxd3 Qxd4 20.Ne2 Qxd3 21.Qxd3 Nxd3
22.Rxd3 Rxe4 23.Bxd6 Bf5 24.Re3 Rxe3 25.fxe3 a4 26.Ng3 Bc2 27.b4 Bd3 28.c5 a3
29.Ne2 Bc4 30.Nd4 Bxa2 {#R} 0-1

[Event "It (open)"]
[Site "masterchessopen.com - Heviz (Hungary)"]
[Date "2012.09.23"]
[Round "1"]
[White "Horvath Tamas (HUN)"]
[Black "Zpevakova Jana (CZE)"]
[Result "1-0"]
[WhiteElo "2390"]
[BlackElo "1905"]

1.d4 Nf6 2.Nf3 d6 3.c4 Nbd7 4.Nc3 e5 5.e4 Be7 6.g3 c6 7.Bg2 O-O 8.O-O Re8 9.h3
a6 10.a4 a5 11.Be3 Bf8 12.Qc2 Qe7 13.Rad1 g6 14.Rfe1 exd4 15.Nxd4 Nc5 16.f4
Bd7 17.Bf2 Rad8 18.Nb3 Na6 19.Bd4 Bg7 20.Qf2 c5 21.Bxf6 {#r} 1-0

[Event "It (open)"]
[Site "masterchessopen.com - Munich (Germany)"]
[Date "2012.10.01"]
[Round "3"]
[White "Raykhman Alexander (GER)"]
[Black "Renner Christoph (GER)"]
[Result "1-0"]
[WhiteElo "2362"]
[BlackElo "2458"]

1.d4 Nf6 2.c4 d6 3.Nf3 Nbd7 4.Nc3 e5 5.e4 Be7 6.Be2 O-O 7.O-O c6 8.Re1 a6
9.Rb1 b5 10.b4 Bb7 11.a4 Rc8 12.Bf1 bxc4 13.dxe5 Nxe5 14.Nxe5 dxe5 15.Qc2 Rb8
16.Rd1 Qc8 17.Bg5 Qg4 18.Be3 Bc8 19.f3 Qg6 20.Bc5 Bxc5+ 21.bxc5 Be6 22.Rb6 Nd5
23.Rxb8 Rxb8 24.Qd2 {#r} 1-0